| 000 | 00381cam a22001337a 4500 | ||
|---|---|---|---|
| 008 | 180718b1979 xxu||||| |||| 00| 0 eng d | ||
| 082 | _aK18x54 R213 | ||
| 100 | _aRay, Symal Kumar | ||
| 245 |
_aIndian bureaucracy at the crossroads _cby Symal Kumar Ray |
||
| 260 |
_aNew Delhi _bSterling _c1979 |
||
| 300 | _a407p. | ||
| 650 | _aCivil service - India | ||
| 650 | _aBureaucracy - India | ||
| 999 |
_c352655 _d352655 |
||